Statistiques concernant Traduction French/English and English/French

Cliquez ici pour prendre le quiz!

Statistiques générales

  • Ce quiz a été pris 1 146 fois
  • Le résultat moyen est 13 sur 16

Statistiques - réponses

Mots/WorldsTraduction/Translate% Correct
MoonLune
99%
SpiceEpice
94%
ShyTimide
94%
JauneYellow
94%
DogChien
93%
BonjourHello
93%
GiftCadeau
89%
VouloirWant
89%
ButMais
87%
PowerPouvoir
86%
SellVendre
85%
CentHundred
84%
AbeilleBee
83%
Doux/sucréSweet
78%
BakeryBoulangerie
72%
GardenerJardiner
24%

Distribution des résultats

Percentile par nombre de réponses

% des personnes avec chaque résultat

Votre développement - résultats

Vous n’avez pas pris ce quiz